<?xml version="1.0" encoding="UTF-8"?>
<record
    xmlns:xsi="http://www.w3.org/2001/XMLSchema-instance"
    xsi:schemaLocation="http://www.loc.gov/MARC21/slim http://www.loc.gov/standards/marcxml/schema/MARC21slim.xsd"
    xmlns="http://www.loc.gov/MARC21/slim">

  <leader>01356namaa22003131i 4500</leader>
  <controlfield tag="005">20260222115724.0</controlfield>
  <controlfield tag="008">260120s1997    ua a|||frm||| 000 0 eng d</controlfield>
  <datafield tag="040" ind1=" " ind2=" ">
    <subfield code="a">EG-GICUC</subfield>
    <subfield code="b">eng</subfield>
    <subfield code="c">EG-GICUC</subfield>
    <subfield code="d">EG-GICUC</subfield>
    <subfield code="e">rda</subfield>
  </datafield>
  <datafield tag="041" ind1="0" ind2=" ">
    <subfield code="a">eng</subfield>
    <subfield code="b">eng</subfield>
    <subfield code="b">ara</subfield>
  </datafield>
  <datafield tag="049" ind1=" " ind2=" ">
    <subfield code="a">Deposit</subfield>
  </datafield>
  <datafield tag="097" ind1=" " ind2=" ">
    <subfield code="a">M.Sc</subfield>
  </datafield>
  <datafield tag="099" ind1=" " ind2=" ">
    <subfield code="a">Cai01.11.21.M.Sc.1997.Ta.T</subfield>
  </datafield>
  <datafield tag="100" ind1="0" ind2=" ">
    <subfield code="a">Tarek Mahmoud Shokry Megahed, </subfield>
    <subfield code="e">preparation.</subfield>
  </datafield>
  <datafield tag="245" ind1="1" ind2="0">
    <subfield code="a">Thyroid Function in major depressive and dysthymic disorders /</subfield>
    <subfield code="c">By Tarek Mahmoud Shokry Megahed ; Supervised Dr. Samia Abdel-Rahman Ahmed, Dr. Azza A. El-Bakry</subfield>
  </datafield>
  <datafield tag="246" ind1="1" ind2="5">
    <subfield code="a">&#x648;&#x638;&#x627;&#x626;&#x641; &#x627;&#x644;&#x63A;&#x62F;&#x629; &#x627;&#x644;&#x62F;&#x631;&#x642;&#x64A;&#x629; &#x648;&#x639;&#x644;&#x627;&#x642;&#x62A;&#x647;&#x627; &#x628;&#x627;&#x644;&#x627;&#x643;&#x62A;&#x626;&#x627;&#x628; &#x627;&#x644;&#x62C;&#x633;&#x64A;&#x645; &#x648;&#x627;&#x644;&#x627;&#x636;&#x637;&#x631;&#x627;&#x628;&#x627;&#x62A; &#x627;&#x644;&#x639;&#x633;&#x631; &#x648;&#x62C;&#x62F;&#x627;&#x646;&#x64A;&#x629;</subfield>
  </datafield>
  <datafield tag="264" ind1=" " ind2="0">
    <subfield code="c">1997.</subfield>
  </datafield>
  <datafield tag="300" ind1=" " ind2=" ">
    <subfield code="a">240 pages </subfield>
    <subfield code="b">illustrations</subfield>
    <subfield code="c">25 cm. + </subfield>
  </datafield>
  <datafield tag="336" ind1=" " ind2=" ">
    <subfield code="2">rda content</subfield>
    <subfield code="a">text</subfield>
  </datafield>
  <datafield tag="337" ind1=" " ind2=" ">
    <subfield code="2">rdamedia</subfield>
    <subfield code="a">Unmediated</subfield>
  </datafield>
  <datafield tag="338" ind1=" " ind2=" ">
    <subfield code="2">rdacarrier</subfield>
    <subfield code="a">volume</subfield>
  </datafield>
  <datafield tag="502" ind1=" " ind2=" ">
    <subfield code="a">Thesis (M.Sc.)-Cairo University, 1997</subfield>
  </datafield>
  <datafield tag="504" ind1=" " ind2=" ">
    <subfield code="a">Bibliography: pages 196-240</subfield>
  </datafield>
  <datafield tag="653" ind1=" " ind2="0">
    <subfield code="a">Thyroid Function</subfield>
    <subfield code="a">major depressive</subfield>
    <subfield code="a">dysthymic disorders</subfield>
  </datafield>
  <datafield tag="700" ind1="0" ind2=" ">
    <subfield code="a">Samia Abdel-Rahman Ahmed</subfield>
    <subfield code="e">thesis advisor.</subfield>
  </datafield>
  <datafield tag="700" ind1="0" ind2=" ">
    <subfield code="a">Azza A. El-Bakry</subfield>
    <subfield code="e">thesis advisor.</subfield>
  </datafield>
  <datafield tag="900" ind1=" " ind2=" ">
    <subfield code="D">Department of Neuropsycheatry</subfield>
    <subfield code="F">Faculty of Medicine</subfield>
    <subfield code="U">Cairo University</subfield>
    <subfield code="b">1997</subfield>
    <subfield code="c">Samia Abdel-Rahman Ahmed</subfield>
    <subfield code="c">Azza A. El-Bakry</subfield>
  </datafield>
  <datafield tag="905" ind1=" " ind2=" ">
    <subfield code="a">Nehad</subfield>
    <subfield code="e">Nourhan</subfield>
  </datafield>
  <datafield tag="942" ind1=" " ind2=" ">
    <subfield code="2">ddc</subfield>
    <subfield code="c">TH</subfield>
    <subfield code="e">21</subfield>
    <subfield code="n">0</subfield>
  </datafield>
  <datafield tag="999" ind1=" " ind2=" ">
    <subfield code="c">177889</subfield>
  </datafield>
  <datafield tag="952" ind1=" " ind2=" ">
    <subfield code="2">ddc</subfield>
    <subfield code="9">313953</subfield>
    <subfield code="a">CUCL</subfield>
    <subfield code="b">100</subfield>
    <subfield code="d">2026-01-20</subfield>
    <subfield code="i">30636</subfield>
    <subfield code="o">Cai01.11.21.M.Sc.1997.Ta.T</subfield>
    <subfield code="p">01010110030636000</subfield>
    <subfield code="r">2026-01-20 12:52:35</subfield>
    <subfield code="w">2026-01-20</subfield>
    <subfield code="y">TH</subfield>
  </datafield>
</record>
